[Event "18 Torneo San Viator"]
[Site "Madrid ESP"]
[Date "2012.04.01"]
[Round "2.25"]
[White "Munoz Manzano, Jose Manuel"]
[Black "Ore Leon, Gustavo"]
[Result "1-0"]
[WhiteElo "1911"]
[BlackElo "1708"]
[PlyCount "87"]
[EventDate "2012.03.25"]
[EventType "swiss"]
[EventRounds "9"]
[EventCountry "ESP"]
[Source "lmi"]
[SourceDate "2012.03.25"]

1. d4 Nf6 2. c4 c5 3. d5 b5 4. cxb5 a6 5. bxa6 g6 6. Nc3 d6 7. Nf3 Bg7 8. g3
Nxa6 9. Bg2 O-O 10. O-O Nd7 11. Bf4 Nb6 12. Qc1 Re8 13. Bh6 Bf6 14. Bg5 Bg7 15.
Rd1 c4 16. Nd4 Nc5 17. Nc6 Qc7 18. Nb5 Qd7 19. Be3 Nba4 20. Bd4 Ba6 21. Bxg7
Kxg7 22. Qxc4 Qb7 23. Qd4+ Kg8 24. Nc3 Qxb2 25. Nxa4 Nxa4 26. Qxa4 Bxe2 27. Qd4
Rxa2 28. Qxb2 Rxb2 29. Re1 e5 30. dxe6 Rxe6 31. Nd4 Bc4 32. Nxe6 fxe6 33. Reb1
Rxb1+ 34. Rxb1 Kf7 35. Rb7+ Kf6 36. Bf1 Bd5 37. Rxh7 g5 38. f4 gxf4 39. gxf4
Be4 40. Rh4 d5 41. Kf2 d4 42. Bh3 d3 43. Ke3 Bg6 44. Bf1 1-0

[Event "18 Torneo San Viator"]
[Site "Madrid ESP"]
[Date "2012.04.01"]
[Round "2.26"]
[White "Vicioso Barbadillo, Juan J"]
[Black "Ruiz Escobar, Israel"]
[Result "0-1"]
[WhiteElo "1556"]
[BlackElo "1821"]
[PlyCount "82"]
[EventDate "2012.03.25"]
[EventType "swiss"]
[EventRounds "9"]
[EventCountry "ESP"]
[Source "lmi"]
[SourceDate "2012.03.25"]

1. e4 d5 2. Nc3 d4 3. Nce2 e5 4. d3 Nf6 5. Ng3 Be7 6. Nf3 Nbd7 7. Be2 O-O 8.
O-O c5 9. Bd2 b5 10. c3 Qb6 11. Nf5 Re8 12. Nxe7+ Rxe7 13. Qb3 Nf8 14. a3 Ng6
15. Bg5 Re8 16. Bxf6 gxf6 17. c4 bxc4 18. Qxb6 axb6 19. dxc4 Bb7 20. Bd3 Nf4
21. Rfd1 Nxd3 22. Rxd3 Bxe4 23. Rdd1 Kh8 24. Re1 Bc6 25. Nh4 Rg8 26. f3 Bd7 27.
Re4 Be6 28. Rc1 Ra4 29. f4 Rg4 30. g3 Bxc4 31. Rce1 Bd5 32. Nf3 Bxe4 33. Rxe4
Ra8 34. Nxe5 fxe5 35. Rxe5 Rg6 36. f5 Rd6 37. Re7 Kg7 38. Re1 d3 39. Rd1 d2 40.
Kf2 Re8 41. g4 Re1 0-1

[Event "18 Torneo San Viator"]
[Site "Madrid ESP"]
[Date "2012.04.01"]
[Round "2.27"]
[White "Balsinde Montemayor, Pablo"]
[Black "Herreros Lucas, Jose L"]
[Result "1-0"]
[WhiteElo "1810"]
[BlackElo "1545"]
[PlyCount "59"]
[EventDate "2012.03.25"]
[EventType "swiss"]
[EventRounds "9"]
[EventCountry "ESP"]
[Source "lmi"]
[SourceDate "2012.03.25"]

1. d4 Nf6 2. c4 e6 3. Nc3 d5 4. cxd5 exd5 5. Bg5 Nbd7 6. e3 c6 7. Bd3 Bb4 8.
Nge2 O-O 9. O-O Re8 10. a3 Bd6 11. f3 h6 12. Bxf6 Nxf6 13. Qd2 c5 14. Nb5 c4
15. Bc2 a6 16. Nxd6 Qxd6 17. Ng3 b5 18. e4 dxe4 19. fxe4 Nd7 20. e5 Nxe5 21.
Qf4 g5 22. Qe4 Bd7 23. Qh7+ Kf8 24. dxe5 Qd4+ 25. Kh1 Be6 26. Qh8+ Ke7 27. Qf6+
Kf8 28. Qh8+ Ke7 29. Rxf7+ Bxf7 30. Nf5+ 1-0

[Event "18 Torneo San Viator"]
[Site "Madrid ESP"]
[Date "2012.04.01"]
[Round "2.28"]
[White "Villarroya Samaniego, Javier"]
[Black "Garcia Velayos, Carlos E"]
[Result "0-1"]
[WhiteElo "1505"]
[BlackElo "1772"]
[PlyCount "88"]
[EventDate "2012.03.25"]
[EventType "swiss"]
[EventRounds "9"]
[EventCountry "ESP"]
[Source "lmi"]
[SourceDate "2012.03.25"]

1. c4 Nf6 2. Nc3 g6 3. g3 Bg7 4. Bg2 d6 5. Nf3 e5 6. d3 c6 7. O-O O-O 8. a3
Nbd7 9. b4 e4 10. Nd2 exd3 11. exd3 Nb6 12. Rb1 d5 13. Bb2 Bf5 14. Qf3 dxc4 15.
Rfd1 Bg4 16. Qf4 Bxd1 17. Rxd1 Nfd5 18. Nxd5 Nxd5 19. Bxd5 cxd5 20. Bxg7 Kxg7
21. dxc4 dxc4 22. Qxc4 Rc8 23. Qa2 Rc7 24. Qa1+ Qf6 25. Qxf6+ Kxf6 26. Nf3 Rc3
27. Kg2 Rxa3 28. Rb1 Rc8 29. Rb2 b5 30. Nd4 a6 31. Nc2 Rac3 32. Ne3 Rd8 33. Kf3
Ke6 34. Ke4 Rd6 35. Kf3 Rdd3 36. Ke2 Rb3 37. Rxb3 Rxb3 38. Nc2 Rb2 39. Kd3 Kd6
40. Kc3 Rb1 41. Kd3 g5 42. Ke2 Rh1 43. h4 gxh4 44. gxh4 Rxh4 0-1

[Event "18 Torneo San Viator"]
[Site "Madrid ESP"]
[Date "2012.04.01"]
[Round "2.29"]
[White "Ramos Pinto, Jose Maria"]
[Black "Garcia Laborda, Pedro"]
[Result "1-0"]
[WhiteElo "1593"]
[BlackElo "1400"]
[PlyCount "85"]
[EventDate "2012.03.25"]
[EventType "swiss"]
[EventRounds "9"]
[EventCountry "ESP"]
[Source "lmi"]
[SourceDate "2012.03.25"]

1. d4 Nf6 2. Nf3 d5 3. c4 Bf5 4. Qb3 b6 5. g3 Nc6 6. Bd2 e6 7. Bg2 Be7 8. e3
O-O 9. Ne5 Na5 10. Bxa5 bxa5 11. Qa4 Qd6 12. c5 Qa6 13. Nc3 Rac8 14. Bf1 Qb7
15. b3 c6 16. Qxa5 Bd8 17. Qa4 Qa8 18. Ba6 Rb8 19. Nxc6 Bc7 20. Nxb8 Qxb8 21.
O-O Bh3 22. Rfe1 e5 23. b4 Bd7 24. b5 e4 25. Qb4 Bg4 26. a4 Nd7 27. Nxd5 Bd8
28. a5 Qa8 29. c6 Bg5 30. Nc3 Nf6 31. d5 Rd8 32. Qc5 Rc8 33. Bxc8 Qxc8 34. d6
Qe6 35. Qxg5 Qc4 36. d7 h6 37. Qe5 Bh3 38. d8=Q+ Kh7 39. Ra4 Qb3 40. c7 Ng4 41.
Qxe4+ g6 42. Qed4 Qb2 43. Q8h8# 1-0

[Event "18 Torneo San Viator"]
[Site "Madrid ESP"]
[Date "2012.04.15"]
[Round "3.1"]
[White "Perez Calahorra, Ricardo"]
[Black "Bermejo Redondo, Oscar"]
[Result "1/2-1/2"]
[WhiteElo "2158"]
[BlackElo "1883"]
[PlyCount "70"]
[EventDate "2012.03.25"]
[EventType "swiss"]
[EventRounds "9"]
[EventCountry "ESP"]
[Source "lmi"]
[SourceDate "2012.03.25"]

1. d4 Nf6 2. c4 g6 3. Nf3 Bg7 4. Nc3 O-O 5. e4 d6 6. g3 e5 7. Bg2 Nc6 8. d5 Ne7
9. O-O Nd7 10. Bg5 h6 11. Be3 f5 12. h4 Nf6 13. c5 Ng4 14. cxd6 cxd6 15. Qd3
Nxe3 16. Qxe3 Bd7 17. a4 f4 18. Qd3 Rf7 19. Kh2 Bf6 20. Nb5 Qb6 21. gxf4 a6 22.
fxe5 Bxe5+ 23. Nxe5 dxe5 24. d6 axb5 25. dxe7 Rxe7 26. Qd5+ Kg7 27. a5 Qc7 28.
b4 Bc6 29. Qc5 Re6 30. Bh3 Rf6 31. Rad1 Qf7 32. h5 Re8 33. hxg6 Rxg6 34. Bf5
Rg5 35. Rd3 Rh5+ 1/2-1/2

[Event "18 Torneo San Viator"]
[Site "Madrid ESP"]
[Date "2012.04.15"]
[Round "3.2"]
[White "Gutierrez Sanchez, Fernando"]
[Black "Iturbide Arnedo, Oscar"]
[Result "0-1"]
[WhiteElo "1929"]
[BlackElo "2131"]
[PlyCount "40"]
[EventDate "2012.03.25"]
[EventType "swiss"]
[EventRounds "9"]
[EventCountry "ESP"]
[Source "lmi"]
[SourceDate "2012.03.25"]

1. e4 g6 2. d4 Bg7 3. Nc3 c5 4. Nf3 cxd4 5. Nxd4 Nc6 6. Be3 Nf6 7. Nxc6 bxc6 8.
e5 Nd5 9. Nxd5 cxd5 10. Qxd5 Rb8 11. Bxa7 Rxb2 12. Qd4 Qa5+ 13. Kd1 Bxe5 14.
Qc5 Qxc5 15. Bxc5 d6 16. Ba3 Rb8 17. Rc1 Bc3 18. Bc4 Ra8 19. Rb1 Rxa3 20. Rb8
O-O 0-1

[Event "18 Torneo San Viator"]
[Site "Madrid ESP"]
[Date "2012.04.15"]
[Round "3.4"]
[White "Garcia Sanjuan, Jose"]
[Black "De La Horra Del Barco, Ricardo"]
[Result "0-1"]
[WhiteElo "1894"]
[BlackElo "2055"]
[PlyCount "78"]
[EventDate "2012.03.25"]
[EventType "swiss"]
[EventRounds "9"]
[EventCountry "ESP"]
[Source "lmi"]
[SourceDate "2012.03.25"]

1. b3 c5 2. Bb2 Nc6 3. g3 d5 4. Bg2 e6 5. Nf3 Nf6 6. O-O Be7 7. d3 O-O 8. Nbd2
Qc7 9. Re1 Bd7 10. e4 Rab8 11. a4 d4 12. e5 Nd5 13. Nc4 b6 14. Qe2 a6 15. Qe4
Ncb4 16. Re2 b5 17. axb5 axb5 18. Na3 Ra8 19. Qg4 Ra5 20. Rae1 Rfa8 21. Nb1 Ra2
22. Bc1 Nxc2 23. Bh6 Bf8 24. Rc1 Ncb4 25. Rxa2 Rxa2 26. Bf1 Qa7 27. Nbd2 Kh8
28. Bf4 Ra1 29. Rxa1 Qxa1 30. Kg2 Qd1 31. Qh4 Nxf4+ 32. Qxf4 Kg8 33. Qh4 Bc6
34. Ne4 Nxd3 35. Bxd3 Qxd3 36. Nfg5 h6 37. f3 hxg5 38. Nxg5 Be7 39. Qh5 Qd2+
0-1

[Event "18 Torneo San Viator"]
[Site "Madrid ESP"]
[Date "2012.04.15"]
[Round "3.5"]
[White "Sanchez Obregon, Diego"]
[Black "Tevar Sanz, Gonzalo"]
[Result "1/2-1/2"]
[WhiteElo "2042"]
[BlackElo "1825"]
[PlyCount "32"]
[EventDate "2012.03.25"]
[EventType "swiss"]
[EventRounds "9"]
[EventCountry "ESP"]
[Source "lmi"]
[SourceDate "2012.03.25"]

1. Nf3 c5 2. g3 d5 3. Bg2 Nc6 4. d4 cxd4 5. Nxd4 e5 6. Nxc6 bxc6 7. O-O Be6 8.
c4 Qd7 9. Qa4 Rc8 10. Rd1 d4 11. b3 Nf6 12. Nd2 c5 13. Qxd7+ Bxd7 14. Ne4 Nxe4
15. Bxe4 Bc6 16. Bg2 e4 1/2-1/2

[Event "18 Torneo San Viator"]
[Site "Madrid ESP"]
[Date "2012.04.15"]
[Round "3.6"]
[White "Garcia-Ruiz Fuentes, Angel M"]
[Black "Noval Toldos, Francisco Javier"]
[Result "1-0"]
[WhiteElo "1873"]
[BlackElo "1977"]
[PlyCount "55"]
[EventDate "2012.03.25"]
[EventType "swiss"]
[EventRounds "9"]
[EventCountry "ESP"]
[Source "lmi"]
[SourceDate "2012.03.25"]

1. e4 c5 2. Nf3 d6 3. d4 cxd4 4. Nxd4 Nf6 5. Nc3 g6 6. Bg5 Bg7 7. Bb5+ Bd7 8.
Qe2 O-O 9. Bxd7 Nbxd7 10. O-O-O b5 11. Nc6 Qe8 12. Nd5 Nxd5 13. exd5 f6 14. Bh4
Ne5 15. Nd4 Bh6+ 16. Kb1 Rb8 17. Ne6 Rf7 18. f4 Nc4 19. g4 Qc8 20. Bf2 f5 21.
g5 Bg7 22. Bd4 Bxd4 23. Rxd4 Nb6 24. h4 Nd7 25. h5 Nf8 26. Nxf8 Qxf8 27. hxg6
hxg6 28. Qe6 1-0

[Event "18 Torneo San Viator"]
[Site "Madrid ESP"]
[Date "2012.04.15"]
[Round "3.9"]
[White "Fernandez Garcia, Javier"]
[Black "Tolosana Esteban, Enrique"]
[Result "1-0"]
[WhiteElo "2006"]
[BlackElo "1743"]
[PlyCount "73"]
[EventDate "2012.03.25"]
[EventType "swiss"]
[EventRounds "9"]
[EventCountry "ESP"]
[Source "lmi"]
[SourceDate "2012.03.25"]

1. d4 Nf6 2. Nf3 e6 3. e3 b6 4. Bd3 Bb7 5. O-O Be7 6. c4 O-O 7. Nc3 d5 8. cxd5
exd5 9. Qc2 c5 10. Ne5 Nbd7 11. f4 Nxe5 12. fxe5 c4 13. exf6 Bxf6 14. Bxh7+ Kh8
15. Rf3 Bc8 16. Bf5 g6 17. Bxc8 Rxc8 18. Nxd5 Qxd5 19. Rxf6 Kg7 20. Rf4 f5 21.
Bd2 Rh8 22. Bc3 b5 23. e4 Qd6 24. d5+ Kf7 25. e5 Qc5+ 26. Qf2 Qxd5 27. e6+ Qxe6
28. Qxa7+ Ke8 29. Re1 Qxe1+ 30. Bxe1 Rd8 31. Bb4 Rd7 32. Qb8+ Rd8 33. Qe5+ Kd7
34. Qxb5+ Ke6 35. Qxc4+ Rd5 36. Qc6+ Ke5 37. Qc7+ 1-0

[Event "18 Torneo San Viator"]
[Site "Madrid ESP"]
[Date "2012.04.15"]
[Round "3.10"]
[White "Lobato Rivero, Carlos"]
[Black "Perez Perez, Elena"]
[Result "1/2-1/2"]
[WhiteElo "1958"]
[BlackElo "1709"]
[PlyCount "45"]
[EventDate "2012.03.25"]
[EventType "swiss"]
[EventRounds "9"]
[EventCountry "ESP"]
[Source "lmi"]
[SourceDate "2012.03.25"]

1. e4 e5 2. Nf3 Nc6 3. Bc4 Bc5 4. c3 Nf6 5. d4 exd4 6. cxd4 Bb4+ 7. Nc3 Nxe4 8.
O-O Bxc3 9. d5 Ne5 10. bxc3 Nxc4 11. Qd4 O-O 12. Qxe4 Nd6 13. Qd3 h6 14. Bb2
Qf6 15. Ba3 b6 16. Rfe1 Bb7 17. c4 Rfe8 18. Rec1 Ba6 19. Rab1 Qf5 20. Qxf5 Nxf5
21. c5 Bb7 22. Rd1 Rac8 23. Rd2 1/2-1/2

[Event "18 Torneo San Viator"]
[Site "Madrid ESP"]
[Date "2012.04.15"]
[Round "3.11"]
[White "Barahona Torrijos, Angel"]
[Black "Castro Uceda, Jose Antonio"]
[Result "0-1"]
[WhiteElo "1904"]
[BlackElo "1658"]
[PlyCount "56"]
[EventDate "2012.03.25"]
[EventType "swiss"]
[EventRounds "9"]
[EventCountry "ESP"]
[Source "lmi"]
[SourceDate "2012.03.25"]

1. e4 c5 2. a3 e6 3. b4 cxb4 4. axb4 Bxb4 5. Bb2 Nf6 6. e5 Nd5 7. c4 Ne7 8. Na3
Bxa3 9. Rxa3 O-O 10. Bd3 Nf5 11. Bxf5 exf5 12. Qh5 Qb6 13. Rh3 h6 14. Ba3 Qb1+
15. Ke2 Re8 16. Bd6 Qe4+ 17. Re3 Qxc4+ 18. Kd1 Nc6 19. Ne2 Qa4+ 20. Kc1 Qa1+
21. Kc2 Qxh1 22. Rg3 Qa1 23. Nc3 Re6 24. f4 b5 25. Rd3 b4 26. Nd5 Nd4+ 27. Rxd4
Qxd4 28. Ne7+ Rxe7 0-1

[Event "18 Torneo San Viator"]
[Site "Madrid ESP"]
[Date "2012.04.15"]
[Round "3.12"]
[White "Cujba, Anca-Claudia"]
[Black "Gomez Dorado, Ernesto"]
[Result "0-1"]
[WhiteElo "1859"]
[BlackElo "1648"]
[PlyCount "52"]
[EventDate "2012.03.25"]
[EventType "swiss"]
[EventRounds "9"]
[EventCountry "ESP"]
[Source "lmi"]
[SourceDate "2012.03.25"]

1. e4 c5 2. Nf3 d6 3. d4 cxd4 4. Nxd4 Nf6 5. Nc3 a6 6. f3 Qb6 7. Nb3 e6 8. Bf4
Qc7 9. Qd2 Nc6 10. O-O-O Ne5 11. Be2 b5 12. Bxe5 dxe5 13. g4 b4 14. Nb1 Be7 15.
Qd3 O-O 16. N1d2 Bd7 17. Qe3 Rfd8 18. Bd3 a5 19. Nc4 a4 20. Na1 Bc5 21. Qe2 Bd4
22. a3 bxa3 23. Nxa3 Rab8 24. Nb5 Bxb5 25. Bxb5 a3 26. c4 Rxb5 0-1

[Event "18 Torneo San Viator"]
[Site "Madrid ESP"]
[Date "2012.04.15"]
[Round "3.13"]
[White "Magan Gonzalez, Alberto"]
[Black "Rendo Quiros, Pedro"]
[Result "1-0"]
[WhiteElo "1828"]
[BlackElo "1643"]
[PlyCount "83"]
[EventDate "2012.03.25"]
[EventType "swiss"]
[EventRounds "9"]
[EventCountry "ESP"]
[Source "lmi"]
[SourceDate "2012.03.25"]

1. e4 c5 2. Nf3 d6 3. d4 cxd4 4. Nxd4 Nc6 5. Nc3 e5 6. Ndb5 a6 7. Na3 Nf6 8.
Bg5 Be7 9. Bxf6 Bxf6 10. Nd5 Be6 11. Nc4 Bxd5 12. Qxd5 Be7 13. a4 Qc7 14. c3
Rd8 15. a5 O-O 16. Be2 Bf6 17. Nb6 Ne7 18. Qc4 Qxc4 19. Bxc4 g6 20. Ke2 Bg7 21.
Rhd1 Kh8 22. Bd5 Nxd5 23. Rxd5 f5 24. Rad1 Rf6 25. Nc4 Bf8 26. f3 fxe4 27. fxe4
h5 28. Nxe5 Re8 29. Nd7 Rxe4+ 30. Kd3 Ref4 31. Nxf6 Rxf6 32. Re1 Bh6 33. Rd4
Rf2 34. Re2 Rf6 35. Rde4 Bf8 36. Re6 Kg7 37. Rxf6 Kxf6 38. Kd4 Be7 39. Kd5 Kf7
40. Rf2+ Kg7 41. Ke6 Bf8 42. Rf7+ 1-0

[Event "18 Torneo San Viator"]
[Site "Madrid ESP"]
[Date "2012.04.15"]
[Round "3.14"]
[White "Yaniz Lana, Francisco Javier"]
[Black "Vallejo Nuno, Jorge"]
[Result "0-1"]
[WhiteElo "1664"]
[BlackElo "2068"]
[PlyCount "52"]
[EventDate "2012.03.25"]
[EventType "swiss"]
[EventRounds "9"]
[EventCountry "ESP"]
[Source "lmi"]
[SourceDate "2012.03.25"]

1. d4 e5 2. dxe5 Nc6 3. Nf3 Qe7 4. Nc3 Nxe5 5. e4 Nf6 6. Bf4 Nxf3+ 7. Qxf3 d6
8. h3 h6 9. Bc4 Be6 10. Bb5+ c6 11. Bxc6+ bxc6 12. e5 Bd5 13. Nxd5 cxd5 14. Qc3
Rd8 15. O-O-O dxe5 16. Bxe5 Ne4 17. Qd4 f6 18. Bg3 Qc5 19. Qa4+ Kf7 20. b4 Qb6
21. Rd3 Bxb4 22. Rb3 Bd2+ 23. Kd1 Nc3+ 24. Rxc3 Bxc3 25. Ke2 Qd4 26. Rd1 Qxa4
0-1

[Event "18 Torneo San Viator"]
[Site "Madrid ESP"]
[Date "2012.04.15"]
[Round "3.15"]
[White "Cabanas Bravo, Juan Andres"]
[Black "Ramos Pinto, Jose Maria"]
[Result "0-1"]
[WhiteElo "2092"]
[BlackElo "1593"]
[PlyCount "96"]
[EventDate "2012.03.25"]
[EventType "swiss"]
[EventRounds "9"]
[EventCountry "ESP"]
[Source "lmi"]
[SourceDate "2012.03.25"]

1. e4 c5 2. Nf3 e6 3. d4 cxd4 4. Nxd4 a6 5. Nc3 Bb4 6. Nde2 Nc6 7. a3 Bc5 8. b4
Ba7 9. Bf4 Nf6 10. Qd2 d5 11. Bg5 h6 12. Bh4 d4 13. Bxf6 Qxf6 14. Nd1 d3 15.
Nec3 dxc2 16. Qxc2 Nd4 17. Qb2 O-O 18. Ne3 Bd7 19. a4 b5 20. a5 Rac8 21. Rc1
Bb8 22. Bd3 Bf4 23. O-O Qg5 24. Kh1 Bxe3 25. fxe3 Qxe3 26. Rcd1 Rc7 27. Rfe1
Qg5 28. e5 Nc6 29. Ne4 Qxe5 30. Qb1 Qh5 31. Nc5 Bc8 32. Be2 Qg5 33. Rc1 Nd4 34.
Bf1 Qe7 35. Qe4 Nc6 36. Bd3 f5 37. Qf4 e5 38. Qd2 Rd8 39. Qb2 Rd4 40. Qf2 Nxb4
41. Qxd4 exd4 42. Rxe7 Rxe7 43. Nb3 Bb7 44. Bxf5 d3 45. Kg1 Re2 46. Kf1 Bxg2+
47. Kg1 d2 48. Rc8+ Kf7 0-1

[Event "18 Torneo San Viator"]
[Site "Madrid ESP"]
[Date "2012.04.15"]
[Round "3.16"]
[White "Julian Serra, Rogelio"]
[Black "Tevar Becerra, Alvaro"]
[Result "1-0"]
[WhiteElo "2042"]
[BlackElo "1564"]
[PlyCount "51"]
[EventDate "2012.03.25"]
[EventType "swiss"]
[EventRounds "9"]
[EventCountry "ESP"]
[Source "lmi"]
[SourceDate "2012.03.25"]

1. c4 e5 2. g3 Nf6 3. Bg2 c6 4. Nc3 d5 5. cxd5 cxd5 6. d3 Nc6 7. Bg5 d4 8. Nd5
Qa5+ 9. Bd2 Qd8 10. Qb3 Be7 11. Nxe7 Qxe7 12. Rc1 Be6 13. Qa4 Bd7 14. b4 a6 15.
b5 Nd8 16. Bb4 Bxb5 17. Qa3 Qd7 18. Bh3 Ne6 19. Nf3 Rc8 20. Rxc8+ Qxc8 21. O-O
e4 22. Nxd4 exd3 23. exd3 Bc6 24. Nf5 Kd8 25. Ba5+ Nc7 26. Qe7# 1-0

[Event "18 Torneo San Viator"]
[Site "Madrid ESP"]
[Date "2012.04.15"]
[Round "3.17"]
[White "Rodriguez Diaz, Alberto Jose"]
[Black "Garcia Rojas, Juan Carlos"]
[Result "1-0"]
[WhiteElo "1979"]
[BlackElo "1555"]
[PlyCount "47"]
[EventDate "2012.03.25"]
[EventType "swiss"]
[EventRounds "9"]
[EventCountry "ESP"]
[Source "lmi"]
[SourceDate "2012.03.25"]

1. e4 e5 2. Nf3 Nc6 3. Bc4 Be7 4. Nc3 d6 5. d3 Bd7 6. Be3 Qc8 7. Qd2 Na5 8. Bb3
Nxb3 9. axb3 b6 10. O-O Be6 11. Ng5 Nf6 12. Nxe6 Qxe6 13. f4 exf4 14. Bxf4 O-O
15. Nb5 Qd7 16. Nd4 c5 17. Nf5 a5 18. Nxe7+ Qxe7 19. Bg5 Qe5 20. Bxf6 gxf6 21.
c3 Rae8 22. Rf5 Qe6 23. Qh6 Qxb3 24. Rh5 1-0

[Event "18 Torneo San Viator"]
[Site "Madrid ESP"]
[Date "2012.04.15"]
[Round "3.18"]
[White "Perez Carballeira, Francisco"]
[Black "Munoz Manzano, Jose Manuel"]
[Result "0-1"]
[WhiteElo "1593"]
[BlackElo "1911"]
[PlyCount "36"]
[EventDate "2012.03.25"]
[EventType "swiss"]
[EventRounds "9"]
[EventCountry "ESP"]
[Source "lmi"]
[SourceDate "2012.03.25"]

1. d4 d5 2. c4 c6 3. Nc3 Nf6 4. cxd5 cxd5 5. Bg5 Ne4 6. Nxe4 dxe4 7. e3 Qa5+ 8.
Qd2 Qxg5 9. Ne2 Nc6 10. Ng3 e5 11. Nxe4 Qg6 12. Nc3 exd4 13. exd4 Bb4 14. g3
O-O 15. O-O-O Bg4 16. Bd3 Qh5 17. Be2 Bxc3 18. bxc3 Bxe2 0-1

[Event "18 Torneo San Viator"]
[Site "Madrid ESP"]
[Date "2012.04.15"]
[Round "3.19"]
[White "Brasa Olmos, Joaquin"]
[Black "Garcia Carcedo, Jesus"]
[Result "1/2-1/2"]
[WhiteElo "1560"]
[BlackElo "1842"]
[PlyCount "112"]
[EventDate "2012.03.25"]
[EventType "swiss"]
[EventRounds "9"]
[EventCountry "ESP"]
[Source "lmi"]
[SourceDate "2012.03.25"]

1. e4 e6 2. d4 d5 3. Nc3 Bb4 4. e5 c5 5. a3 Bxc3+ 6. bxc3 Qc7 7. f4 cxd4 8.
cxd4 Qc3+ 9. Bd2 Qxd4 10. Nf3 Qa4 11. Bd3 h6 12. Bb4 Nc6 13. Qe2 a6 14. Bd2 Nd4
15. Nxd4 Qxd4 16. Rb1 Qc5 17. Bb4 Qc7 18. Bd6 Qd7 19. O-O Ne7 20. Qh5 O-O 21.
g4 f5 22. g5 Qe8 23. Qh3 h5 24. Bxe7 Qxe7 25. Qxh5 g6 26. Qxg6+ Qg7 27. Qxg7+
Kxg7 28. Rb6 Rf7 29. h4 Rc7 30. Rfb1 Ra7 31. h5 Bd7 32. Kf2 Bc6 33. Ke3 Ra8 34.
Rc1 Rd8 35. c3 Rcd7 36. Kd4 Rc7 37. Rcb1 Rdd7 38. R1b4 a5 39. Rb2 a4 40. Bb5
Bxb5 41. R2xb5 Rc4+ 42. Kd3 Rdc7 43. Rxb7 Rxc3+ 44. Kd4 R3c4+ 45. Kd3 Rc3+ 46.
Kd2 Rc2+ 47. Ke1 Rc1+ 48. Kf2 R1c2+ 49. Kg3 R2c3+ 50. Kh4 d4 51. Rxc7+ Rxc7 52.
Rb6 Rd7 53. Rxe6 d3 54. Rg6+ Kh7 55. Rh6+ Kg7 56. Rg6+ Kh7 1/2-1/2

[Event "18 Torneo San Viator"]
[Site "Madrid ESP"]
[Date "2012.04.15"]
[Round "3.20"]
[White "Ruiz Escobar, Israel"]
[Black "Cabeza Hernandez, Guillermo"]
[Result "1-0"]
[WhiteElo "1821"]
[BlackElo "1527"]
[PlyCount "75"]
[EventDate "2012.03.25"]
[EventType "swiss"]
[EventRounds "9"]
[EventCountry "ESP"]
[Source "lmi"]
[SourceDate "2012.03.25"]

1. d4 d6 2. Bf4 Nd7 3. Nf3 Ngf6 4. e3 g6 5. Nbd2 Bg7 6. Be2 O-O 7. h3 Re8 8.
O-O e5 9. Bh2 e4 10. Ne1 d5 11. c4 c6 12. c5 Nf8 13. b4 Ne6 14. Rc1 Ng5 15. b5
Nxh3+ 16. gxh3 Bxh3 17. Ng2 cxb5 18. Bxb5 Nd7 19. Bg3 h5 20. Kh2 Bg4 21. Be2
Qg5 22. Bxg4 hxg4 23. Rh1 Nf6 24. Nf4 Nh5 25. Nxh5 gxh5 26. Kg2 f5 27. Qb3 Rad8
28. Qxb7 Bxd4 29. Bf4 Qf6 30. exd4 Re7 31. Qb3 Qxd4 32. Qc3 Qa4 33. Rxh5 d4 34.
Qc4+ Qxc4 35. Nxc4 d3 36. Bg5 d2 37. Nxd2 Rxd2 38. Bxd2 1-0

[Event "18 Torneo San Viator"]
[Site "Madrid ESP"]
[Date "2012.04.15"]
[Round "3.21"]
[White "Mateos Cordero, Francisco"]
[Black "Balsinde Montemayor, Pablo"]
[Result "1/2-1/2"]
[WhiteElo "1491"]
[BlackElo "1810"]
[PlyCount "157"]
[EventDate "2012.03.25"]
[EventType "swiss"]
[EventRounds "9"]
[EventCountry "ESP"]
[Source "lmi"]
[SourceDate "2012.03.25"]

1. d4 d5 2. c4 c6 3. Nc3 Nf6 4. e3 a6 5. a4 Bf5 6. cxd5 cxd5 7. Qb3 Ra7 8. Nf3
Nc6 9. Ne5 e6 10. Bd3 Bxd3 11. Nxd3 Bd6 12. O-O h5 13. f4 g5 14. Ne5 g4 15.
Nxc6 bxc6 16. Qc2 Rc7 17. Bd2 Bb4 18. Nb1 c5 19. Bxb4 cxb4 20. Qd3 Ne4 21. Nd2
Nxd2 22. Qxd2 Rc4 23. Rfc1 O-O 24. Rxc4 dxc4 25. Qxb4 Qd5 26. Rc1 Rc8 27. b3
Qe4 28. Qc3 h4 29. bxc4 h3 30. Qd2 hxg2 31. c5 Rb8 32. Re1 Rb3 33. c6 Qxc6 34.
Qxg2 Qxa4 35. Qxg4+ Kf8 36. h4 Qa2 37. Qg2 Rb2 38. Qg3 Rb1 39. h5 Rxe1+ 40.
Qxe1 Qd5 41. h6 Qh5 42. Qb4+ Kg8 43. Qb8+ Kh7 44. Qf8 Qg6+ 45. Kf2 Qc2+ 46. Kf3
Qd1+ 47. Ke4 Qh1+ 48. Ke5 Qh5+ 49. Ke4 Qd5+ 50. Kd3 Qf5+ 51. Kc3 Qa5+ 52. Qb4
Qa1+ 53. Qb2 Qa5+ 54. Qb4 Qa1+ 55. Qb2 Qxb2+ 56. Kxb2 Kxh6 57. e4 f5 58. e5 Kg6
59. Kb3 Kf7 60. Kb4 Ke7 61. Kc5 a5 62. Kb5 Kd7 63. Kxa5 Kc6 64. Kb4 Kd5 65. Kc3
Ke4 66. Kc4 Kxf4 67. Kc5 Ke4 68. d5 f4 69. dxe6 f3 70. e7 f2 71. e8=Q f1=Q 72.
e6 Qc1+ 73. Kd6 Qa3+ 74. Kd7 Qa7+ 75. Kd8 Qb6+ 76. Ke7 Qc5+ 77. Kf7 Qh5+ 78.
Kf8 Qh6+ 79. Ke7 1/2-1/2

[Event "18 Torneo San Viator"]
[Site "Madrid ESP"]
[Date "2012.04.15"]
[Round "3.22"]
[White "Alonso Herrero, Ignacio"]
[Black "Lopez Guitian, Juan J"]
[Result "1-0"]
[WhiteElo "1809"]
[BlackElo "1506"]
[PlyCount "81"]
[EventDate "2012.03.25"]
[EventType "swiss"]
[EventRounds "9"]
[EventCountry "ESP"]
[Source "lmi"]
[SourceDate "2012.03.25"]

1. e4 c5 2. Nf3 e6 3. c3 d5 4. exd5 Qxd5 5. d4 Nf6 6. c4 Qd8 7. Nc3 cxd4 8.
Nxd4 Bc5 9. Be3 O-O 10. Be2 Nbd7 11. O-O a6 12. Bg5 Qc7 13. Nf3 b6 14. a3 Bb7
15. b4 Bd6 16. h3 h6 17. Be3 Rad8 18. Qb3 Ne5 19. Nxe5 Bxe5 20. Rac1 Ne4 21.
Nxe4 Bxe4 22. b5 a5 23. c5 Bd5 24. Qa4 bxc5 25. Bxc5 Bd6 26. b6 Qb7 27. f3
Bxc5+ 28. Rxc5 Qxb6 29. Qxa5 Qb2 30. Qb5 Qd4+ 31. Kh1 Rb8 32. Qa5 Ra8 33. Qc3
Qa4 34. Ra1 Rfb8 35. Bd1 Bb3 36. Bxb3 Rxb3 37. Rc8+ Rxc8 38. Qxc8+ Kh7 39. Qc2+
g6 40. Qc7 Qf4 41. Qxf4 1-0

[Event "18 Torneo San Viator"]
[Site "Madrid ESP"]
[Date "2012.04.15"]
[Round "3.23"]
[White "Herreros Ruiz, Jorge Alejandro"]
[Black "Padin Lazaro, Jose Manuel"]
[Result "0-1"]
[WhiteElo "1460"]
[BlackElo "1799"]
[PlyCount "50"]
[EventDate "2012.03.25"]
[EventType "swiss"]
[EventRounds "9"]
[EventCountry "ESP"]
[Source "lmi"]
[SourceDate "2012.03.25"]

1. d4 d5 2. c4 e6 3. Nc3 c5 4. e3 Nf6 5. Nf3 a6 6. Bd3 dxc4 7. Bxc4 b5 8. Bb3
Bb7 9. dxc5 Qc7 10. O-O Bxc5 11. h3 Nbd7 12. a4 b4 13. Na2 Ne5 14. Qe2 Nxf3+
15. gxf3 O-O 16. Bd2 a5 17. Rac1 Qe5 18. e4 Qg3+ 19. Kh1 Qxh3+ 20. Kg1 Bd6 21.
f4 Nxe4 22. Qe3 Qg4+ 23. Kh2 Nxd2 24. Rg1 Nf3+ 25. Qxf3 Qxf3 0-1